ბათუმის შოთა რუსთაველის სახელმწიფო უნივერსიტეტის ბიბლიოთეკა

კავკასიური მოთხრობები (ბიბ.ჩანაწერი № 49959)

000 -LEADER
fixed length control field 00676nam a2200205Ia 4500
001 - CONTROL NUMBER
control field 16895
003 - CONTROL NUMBER IDENTIFIER
control field GE_BSU
008 - FIXED-LENGTH DATA ELEMENTS--GENERAL INFORMATION
fixed length control field 181216s||||||||xx |||||||||||||| ||und||
040 ## - CATALOGING SOURCE
Transcribing agency GE_BSU
080 ## - UNIVERSAL DECIMAL CLASSIFICATION NUMBER
Universal Decimal Classification number 821.161.1-32
100 ## - MAIN ENTRY--PERSONAL NAME
Personal name ტოლსტოი, ლ. (1828-1910)
245 ## - TITLE STATEMENT
Title კავკასიური მოთხრობები
245 ## - TITLE STATEMENT
Statement of responsibility, etc. თარგმანი და ბოლოსიტყვ. ე. უბილავასი
260 ## - PUBLICATION, DISTRIBUTION, ETC.
Place of publication, distribution, etc. თბილისი
260 ## - PUBLICATION, DISTRIBUTION, ETC.
Name of publisher, distributor, etc. ნაკადული
260 ## - PUBLICATION, DISTRIBUTION, ETC.
Date of publication, distribution, etc. 1968
300 ## - PHYSICAL DESCRIPTION
Extent 440გვ. ; 22სმ
653 ## - INDEX TERM--UNCONTROLLED
Uncontrolled term კავკასიური მოთხრობები
942 ## - ADDED ENTRY ELEMENTS (KOHA)
Koha item type წიგნი
ეგზემპლარები
Withdrawn status Lost status Damaged status Not for loan Date acquired Barcode Date last seen Price effective from Koha item type
        2018-12-17 21941 2018-12-17 2018-12-17 წიგნი
        2018-12-17 21942 2018-12-17 2018-12-17 წიგნი